Centroamérica en la geopolítica desbordada del Norte y del Sur /
Gardado en:
| Autor Principal: | |
|---|---|
| Formato: | Libro |
| Idioma: | Spanish |
| Etiquetas: |
Engadir etiqueta
Sen Etiquetas, Sexa o primeiro en etiquetar este rexistro!
|
MARC
| LEADER | 00000nam a22000007a 4500 | ||
|---|---|---|---|
| 003 | cru CIDCACS/IIS | ||
| 005 | 20210205062556.0 | ||
| 007 | ta | ||
| 008 | 180322t2014 |||||r|||||||| ||spa|d | ||
| 999 | |c 41186 |d 41186 | ||
| 040 | |c cru CIDCACS/IIS | ||
| 100 | 1 | |a Barrios Oviedo, Antonio, |d 1962- |9 6838 | |
| 245 | 1 | |a Centroamérica en la geopolítica desbordada del Norte y del Sur / |c Antonio Barrios Oviedo | |
| 300 | |a páginas 197-222 | ||
| 773 | 0 | |0 41178 |9 1912 |a Soto Acosta, Willy |d San José, Costa Rica: Universidad Nacional de Costa Rica; CSUCA, 2014 |o 18429 |t Centroamérica: |z 9789968930536 | |
| 942 | |2 ddc |c LI | ||



